00925nam a2200253 a 450000500170000000800410001704100080005810000170006611101230008324500560020626001490026230000120041150500230042350500230044665000210046965000330049065000330052366200250055670000160058170000200059770000180061770000170063570000190065220140226162440.0140226b1983 xxu||||| |||| 00| 0 eng d aeng aBacon, Peter aSymposium on sea turtle research of the wester atlantic: populations and socioeconomicscSan José - Costa Ricad1983 aProcedings of the western atlantic turtle symposium aSan JosébIntergovernmental Oceanographic CommissionbAssociation for the Caribbean and Adjacent RegionsbFAObUniversity of Miami Pressc1983 a2 Vols. aVol. 1: Appendix 6 aVol. 2: Appendix 7 aTortugas marinas aReferencias Bibliográficas aInvestigación científica cOcéano Atlántico aBerry, Fred aBjorndal, Karen aHirth, Harold aOgren, Larry aWeber, Michael